| 000 | 01058nam a22002777a 4500 | ||
|---|---|---|---|
| 999 |
_c25876 _d25876 |
||
| 005 | 20200111173940.0 | ||
| 010 | _aB-284989 B-445778-789, B-214420, B-214407 | ||
| 020 |
_a0143028103 _c250.00 |
||
| 020 | _c299.00 | ||
| 020 |
_a9780143028109 _c250.00 |
||
| 020 | _c299.00 | ||
| 035 | _aB-284989 B-445778-789, B-214420,B-B-214417 | ||
| 035 | _aB-214407 | ||
| 037 | _bUBH (Vender) | ||
| 037 | _bAllied Pub/Ven | ||
| 082 | _aN | ||
| 100 | _aTaslima Nasrin | ||
| 245 |
_aFrench lover: _cby Taslima Nasrin; translated from the Bengali by Sreejata Guha _ba novel / |
||
| 260 |
_aNew Delhi _bPenguin Books _c2002 |
||
| 270 |
_a11, Community Centre, Panchsheel Park, _bNew Delhi _e110017 |
||
| 300 |
_a293p. _c20cm. (pbk) |
||
| 700 |
_aGuha, Sreejata _940870 |
||
| 942 |
_2ddc _cEN _hN _mTAS |
||